Samajtattwik chintabid-I/ (Record no. 11719)

MARC details
000 -LEADER
fixed length control field 00511nam a22001937a 4500
005 - DATE AND TIME OF LATEST TRANSACTION
control field 20231107114516.0
008 - FIXED-LENGTH DATA ELEMENTS--GENERAL INFORMATION
fixed length control field 231107b ||||| |||| 00| 0 eng d
020 ## - INTERNATIONAL STANDARD BOOK NUMBER
International Standard Book Number 9789358490022
040 ## - CATALOGING SOURCE
Original cataloging agency IN-DiNC
Transcribing agency IN-DiNC
041 ## - LANGUAGE CODE
Language code of sung or spoken text Assamese
082 ## - DEWEY DECIMAL CLASSIFICATION NUMBER
Classification number 301.092
Item number BHU
100 ## - MAIN ENTRY--PERSONAL NAME
Personal name Bhuyan, Dilip Kumar
Relator term Author
245 ## - TITLE STATEMENT
Title Samajtattwik chintabid-I/
Statement of responsibility, etc. by Dilip Kumar Bhuyan
250 ## - EDITION STATEMENT
Edition statement 1st ed.
260 ## - PUBLICATION, DISTRIBUTION, ETC.
Place of publication, distribution, etc. Dibrugarh:
Name of publisher, distributor, etc. Banalata,
Date of publication, distribution, etc. 2023.
300 ## - PHYSICAL DESCRIPTION
Extent 192p.
650 ## - SUBJECT ADDED ENTRY--TOPICAL TERM
Topical term or geographic name entry element Sociological thinkers
942 ## - ADDED ENTRY ELEMENTS (KOHA)
Source of classification or shelving scheme Dewey Decimal Classification
Koha item type Books
Holdings
Withdrawn status Lost status Source of classification or shelving scheme Damaged status Not for loan Collection code Home library Current library Shelving location Date acquired Cost, normal purchase price Total Checkouts Full call number Barcode Date last seen Date last checked out Copy number Price effective from Koha item type
    Dewey Decimal Classification     Sociology Central Library, Naharkatiya College Central Library, Naharkatiya College General Stacks 07/11/2023 200.00 5 301.092 BHU 29629 18/09/2024 16/09/2024 1 07/11/2023 Books
    Dewey Decimal Classification     Sociology Central Library, Naharkatiya College Central Library, Naharkatiya College General Stacks 07/11/2023 200.00 1 301.092 BHU 29630 10/04/2024 06/04/2024 2 07/11/2023 Books
    Dewey Decimal Classification     Sociology Central Library, Naharkatiya College Central Library, Naharkatiya College General Stacks 07/11/2023 200.00   301.092 BHU 29631 07/11/2023   3 07/11/2023 Books

Naharkatiya College © 2020. All rights reserved.

Powered By